[Event "XXVI Memorial Edoardo Crespi A"]
[Site "Milano ITA"]
[Date "2005.12.10"]
[Round "6"]
[White "Massironi, Marco"]
[Black "Iudicello, Giovanni"]
[Result "1/2-1/2"]
[WhiteElo "2112"]
[BlackElo "2154"]
[PlyCount "104"]
[EventDate "2005.12.07"]

1. e4 e5 2. Nf3 Nc6 3. Bb5 a6 4. Ba4 Nf6 5. O-O Be7 6. Re1 b5 7. Bb3 O-O 8. c3
d6 9. h3 Na5 10. Bc2 c5 11. d4 Qc7 12. Nbd2 Bd7 13. Nf1 cxd4 14. cxd4 Rfc8 15.
Ne3 Nc6 16. Nd5 Qd8 17. dxe5 dxe5 18. Be3 Rab8 19. Qd2 Be6 20. Nxe7+ Qxe7 21.
Ng5 Rd8 22. Qc3 Nd4 23. Bxd4 exd4 24. Qg3 Nh5 25. Qe5 Rbc8 26. Bb3 Rc5 27. Bd5
Qd6 28. Qxd6 Rxd6 29. Nxe6 fxe6 30. Bb3 Kf7 31. e5 Rd7 32. g3 g5 33. Rad1 Ke7
34. Rd3 h6 35. Re4 Ng7 36. g4 h5 37. Kf1 h4 38. Ke2 Ne8 39. f4 gxf4 40. Kf3 Nc7
41. Kxf4 Nd5+ 42. Bxd5 Rdxd5 43. Rdxd4 Rc2 44. Rb4 Rdd2 45. a4 Rxb2 46. axb5
axb5 47. Kg5 Rxb4 48. Rxb4 Rd5 49. Kf4 Kf7 50. Ke4 Rc5 51. Kd4 Rd5+ 52. Ke4 Rc5
1/2-1/2

[Event "XXVI Memorial Edoardo Crespi A"]
[Site "Milano ITA"]
[Date "2005.12.10"]
[Round "6"]
[White "Mazzariol, Oscar"]
[Black "Kopischke, Maik"]
[Result "1-0"]
[WhiteElo "2065"]
[BlackElo "2007"]
[PlyCount "93"]
[EventDate "2005.12.07"]

1. d4 Nf6 2. Nf3 e6 3. Bg5 Be7 4. Nbd2 d5 5. e3 Nbd7 6. Bd3 c5 7. c3 b6 8. Ne5
Nxe5 9. dxe5 Nd7 10. Bf4 a5 11. Qe2 Bb7 12. O-O Qc8 13. a4 Qc6 14. Bb5 Qc8 15.
Qg4 g6 16. Bh6 Bc6 17. f4 Bxb5 18. axb5 Qd8 19. Qh3 Bf8 20. e4 Bxh6 21. Qxh6
Qe7 22. exd5 exd5 23. Nf3 O-O-O 24. Qh3 Qe6 25. Qxe6 fxe6 26. Ng5 Rdf8 27. b4
cxb4 28. cxb4 axb4 29. Nxe6 Re8 30. Rfc1+ Kb8 31. Nd4 Kb7 32. Ra4 Nc5 33. Raa1
Ra8 34. Rab1 Ra2 35. Rd1 Ra4 36. Rb2 Ne4 37. g3 Nc3 38. Rd3 Rha8 39. Kg2 Kc7
40. Nc6 Nxb5 41. Nxb4 Kb7 42. Rxd5 Nc7 43. Rd7 R8a5 44. Rxh7 Rb5 45. Rc2 Rc5
46. Rxc5 bxc5 47. Nd5 1-0

[Event "XXVI Memorial Edoardo Crespi A"]
[Site "Milano ITA"]
[Date "2005.12.10"]
[Round "6"]
[White "Nardone, Massimo"]
[Black "Frova, Martino"]
[Result "1-0"]
[WhiteElo "1910"]
[BlackElo "1899"]
[PlyCount "77"]
[EventDate "2005.12.07"]

1. c4 Nf6 2. Nf3 g6 3. g3 Bg7 4. Bg2 O-O 5. O-O d6 6. Nc3 c5 7. d4 e6 8. Bg5 h6
9. Bxf6 Bxf6 10. Ne4 Bg7 11. dxc5 dxc5 12. Qxd8 Rxd8 13. Nxc5 Nc6 14. Nd3 Rb8
15. Rad1 e5 16. Nc5 Bg4 17. b3 b6 18. Na6 Rbc8 19. h3 Rxd1 20. Rxd1 Bxf3 21.
Bxf3 Nd4 22. Kg2 f5 23. e3 Nc6 24. Bxc6 Rxc6 25. Rd7 e4 26. Nb4 Re6 27. Rxa7
Bc3 28. Nd5 Be5 29. Rb7 b5 30. Rxb5 Bb2 31. c5 Ra6 32. c6 Kf7 33. c7 Rc6 34.
Rb8 Ke6 35. c8=Q+ Rxc8 36. Rxc8 Kxd5 37. b4 g5 38. b5 Be5 39. b6 1-0

[Event "XXVI Memorial Edoardo Crespi A"]
[Site "Milano ITA"]
[Date "2005.12.10"]
[Round "6"]
[White "Pattarello, Pierluigi"]
[Black "Brugo, Marco"]
[Result "1-0"]
[WhiteElo "1969"]
[BlackElo "2036"]
[PlyCount "81"]
[EventDate "2005.12.07"]

1. d4 e6 2. c4 f5 3. g3 Nf6 4. Bg2 Be7 5. Nf3 d6 6. O-O O-O 7. Nc3 a5 8. Bg5
Nbd7 9. Qc2 Ng4 10. Bxe7 Qxe7 11. e4 e5 12. exf5 Nb6 13. dxe5 dxe5 14. Nd5 Nxd5
15. cxd5 Bxf5 16. Qb3 Qd6 17. Rac1 Be4 18. Ng5 Bxg2 19. Kxg2 Qf6 20. Ne6 Qh6
21. h4 Rxf2+ 22. Rxf2 Qxc1 23. Qxb7 Re8 24. Qxc7 Qxc7 25. Nxc7 Rc8 26. d6 Nxf2
27. Kxf2 Rd8 28. Nb5 Kf7 29. a4 Ke6 30. Ke3 Rc8 31. b3 Rc1 32. Kd3 Rg1 33. Kc4
Rxg3 34. Kc5 Kd7 35. b4 axb4 36. Kxb4 Rg4+ 37. Kb3 Rxh4 38. a5 Rh1 39. a6 Ra1
40. a7 h5 41. Na3 1-0

[Event "XXVI Memorial Edoardo Crespi A"]
[Site "Milano ITA"]
[Date "2005.12.10"]
[Round "6"]
[White "Ranfagni, Stefano"]
[Black "Carraminana Lopez, Luis Antonio"]
[Result "1-0"]
[WhiteElo "1981"]
[BlackElo "2072"]
[PlyCount "59"]
[EventDate "2005.12.07"]

1. e4 d6 2. d4 Nf6 3. Nc3 Nbd7 4. f4 e5 5. dxe5 dxe5 6. fxe5 Nxe5 7. Qxd8+ Kxd8
8. Bg5 c6 9. O-O-O+ Ke8 10. Nf3 Nxf3 11. gxf3 Be6 12. Be2 Be7 13. f4 h6 14.
Bxf6 Bxf6 15. e5 Be7 16. Bd3 g6 17. h4 Bc5 18. Kb1 Bf5 19. Ne4 Bxe4 20. Bxe4
Rd8 21. Bd3 Ke7 22. Rdf1 Rhg8 23. a3 Be3 24. Rf3 Bb6 25. Rhf1 Bc7 26. Bc4 Rd4
27. Bb3 Rd2 28. f5 Bxe5 29. fxg6 f6 30. Bxg8 1-0

[Event "XXVI Memorial Edoardo Crespi A"]
[Site "Milano ITA"]
[Date "2005.12.10"]
[Round "6"]
[White "Ranola, Yves"]
[Black "Jara, Erik"]
[Result "1-0"]
[WhiteElo "2455"]
[BlackElo "2139"]
[PlyCount "63"]
[EventDate "2005.12.07"]

1. c4 Nf6 2. g3 e6 3. Bg2 c5 4. Nf3 Be7 5. Nc3 O-O 6. O-O Nc6 7. d4 cxd4 8.
Nxd4 Qb6 9. Ndb5 a6 10. Be3 Qa5 11. Nd6 Qc7 12. c5 Ng4 13. Bf4 Qa5 14. Na4 Ra7
15. Nb6 Bxd6 16. Bxd6 Re8 17. e4 h5 18. Re1 Qb4 19. Rb1 a5 20. h3 Nh6 21. Qxh5
Kh7 22. Bf4 Kg8 23. Bxh6 gxh6 24. e5 Qxc5 25. Re4 Qf8 26. Nc4 d5 27. Rg4+ Kh7
28. Nd6 Re7 29. Bf1 Bd7 30. Bd3+ Kh8 31. Qh4 f5 32. exf6 1-0

[Event "XXVI Memorial Edoardo Crespi A"]
[Site "Milano ITA"]
[Date "2005.12.10"]
[Round "6"]
[White "Salvador, Roland"]
[Black "Del Rey, Diego"]
[Result "0-1"]
[WhiteElo "2397"]
[BlackElo "2425"]
[PlyCount "102"]
[EventDate "2005.12.07"]

1. d4 Nf6 2. Nf3 g6 3. Nc3 d5 4. Bf4 Bg7 5. e3 O-O 6. Be2 c6 7. Ne5 Ne8 8. h4
Nd7 9. h5 Nxe5 10. dxe5 Nc7 11. Bd3 Qd7 12. Rh4 Qe6 13. Qf3 g5 14. h6 Bxe5 15.
Bxg5 f5 16. Bf4 Bxf4 17. Qxf4 Qf6 18. Rh5 Ne8 19. Qg3+ Kh8 20. f4 Be6 21. O-O-O
Nd6 22. Ne2 c5 23. Nc3 Bf7 24. Rg5 Rg8 25. Qh4 Rg6 26. g4 Rxh6 27. Qf2 fxg4 28.
Rg1 Rg8 29. Rxg8+ Bxg8 30. Rxg4 Rh1+ 31. Kd2 Be6 32. f5 Bf7 33. Be2 Rh5 34. e4
Qh6+ 35. Qf4 d4 36. Nd1 Nxe4+ 37. Kc1 Nd6 38. Qxh6 Rxh6 39. Rf4 Rf6 40. Bg4 Bg6
41. c3 Nxf5 42. cxd4 Nxd4 43. Rxf6 exf6 44. Kd2 Kg7 45. Kc3 Kh6 46. b4 Bh5 47.
Bxh5 Kxh5 48. bxc5 Nc6 49. Kd2 Kg4 50. Ke3 f5 51. Nf2+ Kg5 0-1

[Event "XXVI Memorial Edoardo Crespi A"]
[Site "Milano ITA"]
[Date "2005.12.10"]
[Round "6"]
[White "Sardo, Gabriele"]
[Black "Grasso, Nino"]
[Result "1-0"]
[WhiteElo "2194"]
[BlackElo "1975"]
[PlyCount "131"]
[EventDate "2005.12.07"]

1. d4 Nf6 2. c4 c5 3. d5 b5 4. Nf3 g6 5. Qc2 d6 6. e4 b4 7. h3 Bg7 8. Bf4 Nbd7
9. Bd3 O-O 10. Bh2 Ne8 11. Nbd2 a5 12. O-O a4 13. Rae1 Qb6 14. e5 b3 15. axb3
axb3 16. Qxb3 Qxb3 17. Nxb3 Rb8 18. Na5 Nxe5 19. Nxe5 Bxe5 20. Nc6 Bxh2+ 21.
Kxh2 Rb3 22. Nxe7+ Kg7 23. Nxc8 Rxd3 24. Re3 Rxe3 25. fxe3 f5 26. Ra1 Kf6 27.
Ra6 Ke5 28. Ra7 Ke4 29. Rd7 Kd3 30. Rd8 Rg8 31. Nxd6 Nf6 32. Rxg8 Nxg8 33. Nf7
Nf6 34. d6 Nd7 35. Kg3 Kxc4 36. Kf4 Kd5 37. h4 Ke6 38. Ng5+ Kxd6 39. Nxh7 Ke6
40. Ng5+ Kf6 41. e4 Ne5 42. Nh7+ Ke6 43. Nf8+ Kf6 44. b3 Nd3+ 45. Ke3 Ne5 46.
Nh7+ Ke6 47. Ng5+ Kf6 48. Nf3 Ng4+ 49. Kf4 Nf2 50. e5+ Kf7 51. Ke3 Ng4+ 52. Kd3
Ke6 53. Kc4 Ne3+ 54. Kxc5 Nxg2 55. b4 Kd7 56. b5 Nf4 57. Kb6 Nd5+ 58. Ka7 Kc7
59. Nd4 Nb6 60. Ne6+ Kd7 61. Kxb6 Kxe6 62. Kc6 f4 63. b6 f3 64. b7 f2 65. b8=Q
f1=Q 66. Qe8+ 1-0

[Event "XXVI Memorial Edoardo Crespi A"]
[Site "Milano ITA"]
[Date "2005.12.11"]
[Round "7"]
[White "Bellani, Alessandro"]
[Black "Sardo, Gabriele"]
[Result "0-1"]
[WhiteElo "2116"]
[BlackElo "2194"]
[PlyCount "106"]
[EventDate "2005.12.07"]

1. d4 d5 2. c4 e5 3. dxe5 d4 4. Nf3 Nc6 5. g3 Nge7 6. Bg2 Ng6 7. Bf4 Bc5 8. a3
a5 9. Nbd2 Ba7 10. Qc2 O-O 11. Ne4 Re8 12. O-O-O Ngxe5 13. Bxe5 Nxe5 14. Nxd4
Bxd4 15. e3 Bxb2+ 16. Kxb2 Qe7 17. Rd4 Be6 18. f4 Nxc4+ 19. Rxc4 Bxc4 20. Qxc4
Red8 21. Rc1 c6 22. h4 Rd5 23. g4 Rad8 24. h5 Rb5+ 25. Ka2 h6 26. g5 hxg5 27.
fxg5 Qe5 28. Qc3 Qh2 29. Qc2 Qxh5 30. Rh1 Qg6 31. Bf1 Re5 32. Qh2 Qe6+ 33. Kb2
Kf8 34. Bc4 Rb5+ 35. Bxb5 Qxe4 36. Bf1 Rd1 37. Qb8+ Ke7 38. Qc7+ Rd7 39. Qxa5
Qxe3 40. Rh2 b6 41. Qb4+ c5 42. Qc3 Qxg5 43. Rg2 Qf6 44. Bb5 Rd4 45. Re2+ Kd6
46. Kb3 Qf5 47. Qg3+ Rf4 48. Rd2+ Ke7 49. Rd7+ Ke6 50. Qe3+ Qe4 51. Qh3+ f5 52.
Rd3 c4+ 53. Bxc4+ Qxc4+ 0-1

[Event "XXVI Memorial Edoardo Crespi A"]
[Site "Milano ITA"]
[Date "2005.12.11"]
[Round "7"]
[White "Bettini, Massimo"]
[Black "Astengo, Marcello"]
[Result "0-1"]
[WhiteElo "1923"]
[BlackElo "2077"]
[PlyCount "78"]
[EventDate "2005.12.07"]

1. e4 e6 2. d4 d5 3. Nc3 Nf6 4. e5 Ng8 5. Qg4 Ne7 6. Bg5 h6 7. Bxe7 Kxe7 8. Bd3
Ke8 9. Nge2 a6 10. f4 c5 11. dxc5 Qa5 12. O-O-O Nc6 13. a3 Qxc5 14. Rhe1 b5 15.
b4 Qe7 16. Ng3 g6 17. f5 h5 18. Qh3 Bg7 19. f6 Bh6+ 20. Kb2 Qc7 21. Nxd5 exd5
22. e6 Bg5 23. Nf1 Bxf6+ 24. Kb1 Ne5 25. exf7+ Kxf7 26. Qg3 Bf5 27. Bxf5 gxf5
28. Rxd5 Rac8 29. Rc5 Qd6 30. Qb3+ Qe6 31. Rxc8 Qxb3+ 32. cxb3 Rxc8 33. Ne3 Kg6
34. Rf1 Rc3 35. Nxf5 Rxb3+ 36. Ka2 Rd3 37. Ng3 Nc4 38. Nxh5 Rxa3+ 39. Kb1 Ra1+
0-1

[Event "XXVI Memorial Edoardo Crespi A"]
[Site "Milano ITA"]
[Date "2005.12.11"]
[Round "7"]
[White "Bosi, Clint"]
[Black "Pattarello, Pierluigi"]
[Result "1-0"]
[WhiteElo "2027"]
[BlackElo "1969"]
[PlyCount "99"]
[EventDate "2005.12.07"]

1. e4 e6 2. d4 d5 3. Nc3 Bb4 4. Bd3 dxe4 5. Bxe4 Nf6 6. Bf3 c5 7. Be3 cxd4 8.
Qxd4 Qxd4 9. Bxd4 Nc6 10. Bxc6+ bxc6 11. a3 Ba5 12. Nf3 Nd5 13. b4 Nxc3 14.
Bxc3 Bb6 15. O-O O-O 16. Bd4 Ba6 17. Rfc1 Rfd8 18. Bxb6 axb6 19. Ne5 Rd6 20. c4
c5 21. b5 Bb7 22. Rd1 Rxa3 23. f3 Rxa1 24. Rxa1 f6 25. Ra7 fxe5 26. Rxb7 Rd4
27. Rxb6 Kf7 28. Rb7+ Kf6 29. b6 Rxc4 30. Rb8 Rb4 31. b7 Kf7 32. Kf2 Rb3 33. g4
c4 34. Ke2 Kg6 35. h4 h6 36. Kd2 Rd3+ 37. Kc1 Rd7 38. Kc2 Re7 39. Kc3 Rc7 40.
Re8 Rxb7 41. Rxe6+ Kf7 42. Rxe5 Rb3+ 43. Kxc4 Rxf3 44. Kd5 Rf4 45. Re4 Rxe4 46.
Kxe4 g6 47. Ke5 Ke7 48. g5 hxg5 49. hxg5 Ke8 50. Ke6 1-0

[Event "XXVI Memorial Edoardo Crespi A"]
[Site "Milano ITA"]
[Date "2005.12.11"]
[Round "7"]
[White "Brigati, Alessandro"]
[Black "D'Alfonso, Nicola"]
[Result "0-1"]
[WhiteElo "2006"]
[BlackElo "2098"]
[PlyCount "58"]
[EventDate "2005.12.07"]

1. d4 Nf6 2. c4 e6 3. Nc3 Bb4 4. Qc2 c5 5. dxc5 O-O 6. Bg5 h6 7. Bh4 Bxc3+ 8.
bxc3 Na6 9. e3 Nxc5 10. Bd3 b6 11. f4 Ba6 12. Nf3 Nxd3+ 13. Qxd3 d5 14. Ne5 Rc8
15. g4 g5 16. fxg5 Ne4 17. Rd1 hxg5 18. Bg3 Bxc4 19. Qc2 Qf6 20. Rd4 Qh8 21.
Rxe4 dxe4 22. h4 Bd3 23. Qb3 Rc5 24. Rh2 Rxe5 25. hxg5 Qg7 26. g6 Rb5 27. Qa3
fxg6 28. Bd6 Rf1+ 29. Kd2 Rbb1 0-1

[Event "XXVI Memorial Edoardo Crespi A"]
[Site "Milano ITA"]
[Date "2005.12.11"]
[Round "7"]
[White "Carraminana Lopez, Luis Antonio"]
[Black "Nardone, Massimo"]
[Result "1-0"]
[WhiteElo "2072"]
[BlackElo "1910"]
[PlyCount "103"]
[EventDate "2005.12.07"]

1. e4 d5 2. exd5 Qxd5 3. Nc3 Qa5 4. d4 c6 5. Nf3 Bf5 6. Bc4 e6 7. Bd2 Nd7 8. d5
exd5 9. Qe2+ Be7 10. Nb5 Qb6 11. Nd6+ Kf8 12. Nxf5 dxc4 13. Nxe7 Nxe7 14. O-O-O
Nf6 15. Bg5 Ned5 16. Qxc4 Re8 17. Rhe1 h6 18. Bh4 Rxe1 19. Rxe1 g5 20. Bg3 Kg7
21. Nd4 Re8 22. Rxe8 Nxe8 23. h4 Qb4 24. Nf5+ Kg6 25. Ne7+ Kg7 26. Qxb4 Nxb4
27. c3 Nd3+ 28. Kc2 Nc5 29. Be5+ Kf8 30. Nf5 f6 31. Bd4 Ne6 32. Bxa7 gxh4 33.
Nxh6 Nf4 34. Bc5+ Kg7 35. Nf5+ Kg6 36. Nxh4+ Kh5 37. g3 Nd5 38. Kd3 Kg4 39. Ng2
b6 40. Bd4 c5 41. Ne3+ Nxe3 42. Bxe3 Kf3 43. Kc4 Nd6+ 44. Kd5 Ne4 45. Ke6 Ke2
46. Kf5 Kd3 47. g4 b5 48. b4 cxb4 49. cxb4 Nc3 50. a3 Nd5 51. Bc5 Ke2 52. Ke6
1-0

[Event "XXVI Memorial Edoardo Crespi A"]
[Site "Milano ITA"]
[Date "2005.12.11"]
[Round "7"]
[White "Cartella, Giovanni"]
[Black "Gandolfi, Gianfranco"]
[Result "1/2-1/2"]
[WhiteElo "1937"]
[BlackElo "1901"]
[PlyCount "74"]
[EventDate "2005.12.07"]

1. d4 Nf6 2. Nf3 c5 3. d5 d6 4. Nc3 g6 5. Bg5 Bg7 6. e3 h6 7. Bh4 Bf5 8. Rb1
Nbd7 9. Bd3 Bxd3 10. Qxd3 a6 11. h3 b5 12. O-O O-O 13. e4 Qb6 14. Rfe1 c4 15.
Qe3 Qxe3 16. Rxe3 Nc5 17. a3 g5 18. Bg3 Nfd7 19. Ne2 Na4 20. c3 Nac5 21. Ned4
Nd3 22. Nf5 Rfe8 23. N3d4 N7e5 24. Re2 Bf8 25. f3 Rac8 26. h4 e6 27. Ne3 Bg7
28. hxg5 hxg5 29. Rf1 Nf4 30. Bxf4 gxf4 31. Nd1 exd5 32. Nf5 Rcd8 33. Kh2 dxe4
34. Rxe4 d5 35. Rxf4 Ng6 36. Nxg7 Kxg7 37. Rd4 Re2 1/2-1/2

[Event "XXVI Memorial Edoardo Crespi A"]
[Site "Milano ITA"]
[Date "2005.12.11"]
[Round "7"]
[White "Cazzaniga, Walter"]
[Black "D'Apa, Matteo"]
[Result "1-0"]
[WhiteElo "2104"]
[BlackElo "2004"]
[PlyCount "67"]
[EventDate "2005.12.07"]

1. d4 d5 2. c4 c6 3. Nf3 Nf6 4. Nc3 e6 5. Bg5 Be7 6. e3 Nbd7 7. cxd5 Nxd5 8.
Bxe7 Nxe7 9. Bc4 b6 10. Qe2 Nd5 11. Rc1 O-O 12. O-O Bb7 13. Rfd1 Rc8 14. a3 Qe7
15. Ba6 Bxa6 16. Qxa6 N7f6 17. Nxd5 Nxd5 18. Ne5 c5 19. b4 Rc7 20. bxc5 bxc5
21. Nc6 Qd6 22. Rxc5 Nb6 23. Rdc1 Rfc8 24. Qb5 Rxc6 25. Rxc6 Rxc6 26. Rxc6 Qxa3
27. g3 h6 28. Rc7 Nd5 29. Qe8+ Kh7 30. Rxf7 Nxe3 31. fxe3 Qxe3+ 32. Rf2 Qe1+
33. Kg2 Qe4+ 34. Kh3 1-0

[Event "XXVI Memorial Edoardo Crespi A"]
[Site "Milano ITA"]
[Date "2005.12.11"]
[Round "7"]
[White "Del Rey, Diego"]
[Black "Pace, Pietro Dario"]
[Result "1/2-1/2"]
[WhiteElo "2425"]
[BlackElo "2233"]
[PlyCount "82"]
[EventDate "2005.12.07"]

1. d4 Nf6 2. c4 g6 3. Nc3 d5 4. Nf3 Bg7 5. e3 O-O 6. Qb3 c6 7. Be2 e6 8. O-O
Nbd7 9. Rd1 b6 10. Qc2 Bb7 11. e4 dxe4 12. Nxe4 Nxe4 13. Qxe4 Qc8 14. Qh4 c5
15. Bh6 Rd8 16. Bxg7 Kxg7 17. Qe7 Re8 18. Qd6 Qc6 19. dxc5 Nxc5 20. Qxc6 Bxc6
21. Ne5 Rac8 22. b4 Ba4 23. bxc5 Bxd1 24. Rxd1 Rxc5 25. f4 Ra5 26. Rd2 Rc8 27.
Rd7 Rf8 28. Bg4 Rxa2 29. Bxe6 g5 30. f5 h5 31. Ng6 Re8 32. Rxf7+ Kh6 33. g4
Rxe6 34. fxe6 Kxg6 35. gxh5+ Kxh5 36. Kf1 Ra5 37. Kf2 Re5 38. Rxa7 Rxe6 39. Ra6
Rc6 40. c5 Rxc5 41. Rxb6 Rc2+ 1/2-1/2

[Event "XXVI Memorial Edoardo Crespi A"]
[Site "Milano ITA"]
[Date "2005.12.11"]
[Round "7"]
[White "Fezza, Davide"]
[Black "Ranfagni, Stefano"]
[Result "1/2-1/2"]
[WhiteElo "2033"]
[BlackElo "1981"]
[PlyCount "60"]
[EventDate "2005.12.07"]

1. e4 e6 2. d4 d5 3. Nd2 Nf6 4. e5 Nfd7 5. Bd3 c5 6. c3 Nc6 7. Ne2 cxd4 8. cxd4
f6 9. Nf4 Nxd4 10. Qh5+ Ke7 11. Ng6+ hxg6 12. exf6+ Nxf6 13. Qxh8 Kf7 14. O-O
Qc7 15. Bxg6+ Kxg6 16. Qxf8 Rb8 17. Nf3 Nxf3+ 18. gxf3 Bd7 19. Qb4 Rh8 20. Bf4
e5 21. Rac1 Bc6 22. Bg3 a5 23. Qd4 Qd7 24. Bxe5 Qh3 25. Qf4 Rh5 26. Kh1 Kf7 27.
Bd4 Rh4 28. Qc7+ Kg8 29. Rg1 Qxf3+ 30. Rg2 Rg4 1/2-1/2

[Event "XXVI Memorial Edoardo Crespi A"]
[Site "Milano ITA"]
[Date "2005.12.11"]
[Round "7"]
[White "Fiorili, Roberto"]
[Black "Cervini, Gian Piero"]
[Result "1-0"]
[WhiteElo "1963"]
[BlackElo "2028"]
[PlyCount "67"]
[EventDate "2005.12.07"]

1. d4 Nf6 2. c4 g6 3. Nc3 Bg7 4. e4 d6 5. Nge2 Nbd7 6. Ng3 e5 7. d5 O-O 8. Be2
a5 9. Bg5 Nc5 10. Qd2 Bd7 11. h4 h5 12. Bh6 a4 13. Bxg7 Kxg7 14. f3 c6 15. Nf1
Qb8 16. Rd1 Rd8 17. Ne3 b5 18. dxc6 b4 19. cxd7 bxc3 20. Qxc3 Rxd7 21. Nd5 Nxd5
22. Rxd5 Ra6 23. O-O Rb7 24. Rd2 Rab6 25. Rb1 Ne6 26. Bd1 Qd8 27. c5 Nxc5 28.
Qxc5 Qxh4 29. Qf2 Qg5 30. Bxa4 f5 31. exf5 Rf7 32. Rbd1 Rxf5 33. Qxb6 Rxf3 34.
Qb7+ 1-0

[Event "XXVI Memorial Edoardo Crespi A"]
[Site "Milano ITA"]
[Date "2005.12.11"]
[Round "7"]
[White "Frova, Martino"]
[Black "Regorda, Vittorio"]
[Result "1-0"]
[WhiteElo "1899"]
[BlackElo "1938"]
[PlyCount "75"]
[EventDate "2005.12.07"]

1. e4 e6 2. d4 d5 3. e5 c5 4. c3 Nc6 5. Nf3 Bd7 6. Be2 Qb6 7. O-O a6 8. h3 Rc8
9. g4 Be7 10. b3 cxd4 11. cxd4 f6 12. Bf4 Qc7 13. exf6 Qxf4 14. fxg7 Bf6 15.
gxh8=Q Bxh8 16. Qd2 Nxd4 17. Nxd4 Qxd4 18. Qxd4 Bxd4 19. Na3 Bxa1 20. Rxa1 h6
21. f4 Rc3 22. Kh2 Re3 23. Re1 Re4 24. Kg3 Ke7 25. Nc2 e5 26. f5 Bb5 27. Bxb5
Rxe1 28. Nxe1 axb5 29. Nd3 Kd6 30. h4 Nf6 31. g5 hxg5 32. hxg5 Nh5+ 33. Kg4 e4
34. Ne1 Ng7 35. f6 Ne6 36. g6 Nf8 37. g7 Nh7 38. Kf5 1-0

[Event "XXVI Memorial Edoardo Crespi A"]
[Site "Milano ITA"]
[Date "2005.12.11"]
[Round "7"]
[White "Grasso, Nino"]
[Black "Cereda, Loris"]
[Result "1/2-1/2"]
[WhiteElo "1975"]
[BlackElo "2044"]
[PlyCount "59"]
[EventDate "2005.12.07"]

1. e4 e5 2. Nf3 Nc6 3. Bc4 Bc5 4. c3 Nf6 5. d4 exd4 6. cxd4 Bb4+ 7. Nc3 Nxe4 8.
O-O Bxc3 9. bxc3 d5 10. Ba3 Be6 11. Bd3 Nd6 12. Qc2 h6 13. Rab1 Rb8 14. Ne5 O-O
15. f4 f5 16. Rfe1 Rf6 17. Qa4 Ne4 18. Rxb7 Rxb7 19. Nxc6 Qe8 20. Ne7+ Kf7 21.
Qd1 g6 22. Bxe4 fxe4 23. f5 Bxf5 24. Nxd5 Ra6 25. Bb4 Qd7 26. Qe2 Ra4 27. Qc4
Qe6 28. Qc5 Qd6 29. Qc4 Qe6 30. Qc5 1/2-1/2

[Event "XXVI Memorial Edoardo Crespi A"]
[Site "Milano ITA"]
[Date "2005.12.11"]
[Round "7"]
[White "Iudicello, Giovanni"]
[Black "Barlocco, Carlo"]
[Result "1/2-1/2"]
[WhiteElo "2154"]
[BlackElo "2224"]
[PlyCount "159"]
[EventDate "2005.12.07"]

1. Nf3 d5 2. g3 Bf5 3. Bg2 e6 4. d3 Nf6 5. O-O h6 6. c4 c6 7. cxd5 exd5 8. Qa4
Nbd7 9. Nc3 Be7 10. b4 a6 11. Be3 O-O 12. Qb3 Re8 13. Rfc1 Nf8 14. Na4 Ng4 15.
Bb6 Qd6 16. Bc5 Qc7 17. Bd4 Ne6 18. h3 Nf6 19. Be5 Qd8 20. Nd4 Nxd4 21. Bxd4
Bd6 22. Rc2 Be5 23. Qc3 Qd6 24. Nc5 Rab8 25. a3 Re7 26. Kf1 Qc7 27. Rac1 Rbe8
28. Bxe5 Rxe5 29. Nb3 Bc8 30. Nd4 Rh5 31. h4 Ng4 32. Nf3 Ne5 33. Qd4 Qe7 34. a4
Nxf3 35. Bxf3 Re5 36. b5 axb5 37. axb5 Bd7 38. bxc6 Bxc6 39. Kg2 Qf6 40. Rc5
Qe6 41. e3 f5 42. Qf4 Qf7 43. h5 R5e7 44. Qd4 Rd7 45. R1c2 Red8 46. Ra5 Rd6 47.
Rca2 Qf6 48. Qf4 Qg5 49. d4 Qxf4 50. gxf4 g5 51. hxg6 Rxg6+ 52. Kh3 Kf8 53. Ra8
Rxa8 54. Rxa8+ Ke7 55. Rh8 Kd6 56. Bh5 Rf6 57. Rh7 Bd7 58. Bf3 b5 59. Bxd5 Kxd5
60. Rxd7+ Kc4 61. Rc7+ Kb3 62. f3 b4 63. d5 Ka2 64. Rc6 Rf8 65. Rxh6 b3 66.
Ra6+ Kb1 67. Rb6 Kc2 68. Kh4 Re8 69. Kg5 Rxe3 70. Kxf5 b2 71. Rxb2+ Kxb2 72. d6
Rd3 73. Ke6 Re3+ 74. Kd5 Rxf3 75. d7 Rd3+ 76. Ke6 Re3+ 77. Kf7 Rd3 78. Ke8 Re3+
79. Kd8 Rf3 80. Kc8 1/2-1/2

[Event "XXVI Memorial Edoardo Crespi A"]
[Site "Milano ITA"]
[Date "2005.12.11"]
[Round "7"]
[White "Jara, Erik"]
[Black "Bonazzi, Edoardo"]
[Result "1/2-1/2"]
[WhiteElo "2139"]
[BlackElo "2161"]
[PlyCount "117"]
[EventDate "2005.12.07"]

1. c4 Nf6 2. g3 c5 3. Bg2 Nc6 4. Nf3 g6 5. Nc3 Bg7 6. O-O O-O 7. d3 d5 8. cxd5
Nxd5 9. Nxd5 Qxd5 10. Be3 Bd7 11. Nd4 Qd6 12. Nxc6 Bxc6 13. Bxc6 Qxc6 14. Rc1
Qe6 15. Rxc5 Qxa2 16. Rb5 Qa6 17. Qb3 b6 18. Rb4 Rfc8 19. Ra4 Qb7 20. Rfa1 Rc6
21. Ra6 Qc7 22. Qb5 h5 23. Rxa7 Rxa7 24. Rxa7 Qxa7 25. Qxc6 Bxb2 26. Qxb6 Qxb6
27. Bxb6 e6 28. Bc5 f6 29. Kg2 Kf7 30. Kf3 e5 31. e4 Ke6 32. Ke2 Bc3 33. Kd1
Ba5 34. Kc2 Bc7 35. Kb3 Ba5 36. Kc4 Bc7 37. Kb5 Bd8 38. Kc6 Ba5 39. h3 Bc3 40.
Kc7 Ba5+ 41. Kc8 f5 42. f3 Be1 43. g4 hxg4 44. hxg4 fxg4 45. fxg4 Bh4 46. Be3
Be7 47. Bb6 Bg5 48. Bd8 Bd2 49. Bh4 Ba5 50. Bf2 Bb4 51. Kd8 Be7+ 52. Ke8 Bb4
53. Be3 Ba3 54. Bh6 Bc5 55. g5 Be7 56. Bg7 Bxg5 57. Bxe5 Kxe5 58. Kf7 Be3 59.
Kxg6 1/2-1/2

[Event "XXVI Memorial Edoardo Crespi A"]
[Site "Milano ITA"]
[Date "2005.12.11"]
[Round "7"]
[White "Kopischke, Maik"]
[Black "Crimi, Alessandro"]
[Result "1/2-1/2"]
[WhiteElo "2007"]
[BlackElo "1940"]
[PlyCount "94"]
[EventDate "2005.12.07"]

1. d4 Nf6 2. Nf3 c5 3. dxc5 Qa5+ 4. Nbd2 g6 5. g3 Bg7 6. Bg2 Qxc5 7. O-O O-O 8.
Nb3 Qc7 9. Bf4 d6 10. c3 Nbd7 11. Qd2 Nc5 12. Nxc5 Qxc5 13. Be3 Qh5 14. Nh4 e5
15. Bf3 Bg4 16. Bg5 e4 17. Bxf6 exf3 18. exf3 Bxf6 19. fxg4 Qxg4 20. Ng2 Rae8
21. Qxd6 Be7 22. Qc7 Bd8 23. Qxb7 Re6 24. Rae1 Rb6 25. Qxa7 Rxb2 26. Qa3 Rd2
27. Qb4 Qd7 28. Qb3 Qa7 29. Rb1 Re8 30. Rb2 Ree2 31. Rxd2 Rxd2 32. Qb5 Qxa2 33.
Qe8+ Kg7 34. Ne3 Bf6 35. Qc6 Bg5 36. Qe4 Re2 37. Qd4+ Bf6 38. Qc5 Qb2 39. Nd5
Re5 40. Qd4 Re6 41. Nxf6 Rxf6 42. Qe3 Re6 43. Qd4+ Kh6 44. Qh4+ Kg7 45. Qd4+
Kh6 46. Qf4+ Kg7 47. Qd4+ Kh6 1/2-1/2

[Event "XXVI Memorial Edoardo Crespi A"]
[Site "Milano ITA"]
[Date "2005.12.11"]
[Round "7"]
[White "Magrini, Fabrizio"]
[Black "Attianese, Aniello"]
[Result "1/2-1/2"]
[WhiteElo "2067"]
[BlackElo "1974"]
[PlyCount "41"]
[EventDate "2005.12.07"]

1. e4 e6 2. d4 d5 3. Nc3 Bb4 4. e5 c5 5. a3 Ba5 6. b4 cxd4 7. Nb5 Bc7 8. f4 Ne7
9. Nf3 Nbc6 10. Nxc7+ Qxc7 11. Bd3 Bd7 12. O-O Rc8 13. Bb2 g6 14. Kh1 a6 15.
Nxd4 Nxd4 16. Bxd4 Bb5 17. Rc1 Bxd3 18. cxd3 Qxc1 19. Qxc1 Rxc1 20. Rxc1 Kd7
21. Kg1 1/2-1/2

[Event "XXVI Memorial Edoardo Crespi A"]
[Site "Milano ITA"]
[Date "2005.12.11"]
[Round "7"]
[White "Martinez, Rolly"]
[Black "Canova, Luca"]
[Result "1-0"]
[WhiteElo "2409"]
[BlackElo "2103"]
[PlyCount "73"]
[EventDate "2005.12.07"]

1. e4 e5 2. Nf3 Nc6 3. Bb5 a6 4. Bxc6 dxc6 5. O-O Bg4 6. h3 h5 7. d3 Qf6 8. Be3
Bd6 9. Nbd2 Ne7 10. Re1 Bxf3 11. Nxf3 Ng6 12. d4 Nf4 13. dxe5 Bxe5 14. Nxe5
Qxe5 15. Bxf4 Qxf4 16. Qd4 O-O 17. Rad1 Rfe8 18. Re3 g6 19. Rdd3 Qh4 20. Qb4 b6
21. Qc4 Re6 22. Rd7 b5 23. Qd4 Rae8 24. Rxc7 Rxe4 25. Rxe4 Qxe4 26. Qxe4 Rxe4
27. Rxc6 Ra4 28. a3 b4 29. Rc4 a5 30. axb4 axb4 31. Kh2 Kf8 32. c3 Ke7 33. Rxb4
Rxb4 34. cxb4 Kd6 35. Kg3 f6 36. Kf4 Kd5 37. g4 1-0

[Event "XXVI Memorial Edoardo Crespi A"]
[Site "Milano ITA"]
[Date "2005.12.11"]
[Round "7"]
[White "Nannelli, Paolo"]
[Black "Bonade', Massimo"]
[Result "1/2-1/2"]
[WhiteElo "2172"]
[BlackElo "2070"]
[PlyCount "61"]
[EventDate "2005.12.07"]

1. d4 d5 2. c4 e6 3. Nc3 Nf6 4. cxd5 exd5 5. Bg5 Be7 6. e3 Nbd7 7. Nf3 O-O 8.
Qc2 c6 9. Bd3 Re8 10. O-O Nf8 11. Bxf6 Bxf6 12. b4 Bg4 13. Nd2 a6 14. Na4 Bh5
15. Nc5 Qe7 16. a4 Bg6 17. Bxg6 Nxg6 18. Rab1 b6 19. Nd3 Qd7 20. Rb3 Rec8 21.
Rc3 Ne7 22. Re1 g6 23. Nf3 Qd6 24. Qb3 Kg7 25. g3 h5 26. h4 Qe6 27. Nf4 Qd6 28.
a5 Rab8 29. axb6 Rxb6 30. Rc5 Rcb8 31. Qa4 1/2-1/2